The Rajasthan tenancy act (Act no. 3 of 1955) (Record no. 80378)

MARC details
000 -LEADER
fixed length control field 01035cam a22002651 4500
001 - CONTROL NUMBER
control field sa 68004837
003 - CONTROL NUMBER IDENTIFIER
control field DLC
005 - DATE AND TIME OF LATEST TRANSACTION
control field 20260227112504.0
008 - FIXED-LENGTH DATA ELEMENTS--GENERAL INFORMATION
fixed length control field 711108s1967 ii k l 000 0 eng
010 ## - LIBRARY OF CONGRESS CONTROL NUMBER
LC control number sa 68004837
025 ## - OVERSEAS ACQUISITION NUMBER
Overseas acquisition number PL480:I-E-9538
040 ## - CATALOGING SOURCE
Original cataloging agency DLC
Transcribing agency DLC
Modifying agency DLC
043 ## - GEOGRAPHIC AREA CODE
Geographic area code a-ii---
050 00 - LIBRARY OF CONGRESS CALL NUMBER
Classification number KNU6068.8.A311955
Item number G87 1967
082 00 - DEWEY DECIMAL CLASSIFICATION NUMBER
Classification number 340
100 1# - MAIN ENTRY--PERSONAL NAME
Personal name Gupta, Mahendra Vijaya.
245 14 - TITLE STATEMENT
Title The Rajasthan tenancy act (Act no. 3 of 1955)
Remainder of title with short notes containing uptodate case law with rules, cognate acts & important notifications, as amended upto September, 1967,
Statement of responsibility, etc. by Mahendra Vijaya Gupta & Nand Kishore Kaushik.
260 ## - PUBLICATION, DISTRIBUTION, ETC.
Place of publication, distribution, etc. Jaipur,
Name of publisher, distributor, etc. Indian & Raj. Statutes Publication,
Date of publication, distribution, etc. 1967.
300 ## - PHYSICAL DESCRIPTION
Extent xiv, 264 p.
Other physical details forms.
Dimensions 26 cm.
350 ## - PRICE (NR) (BK AM CF MU VM SE) [OBSOLETE]
Price Rs8
650 #0 - SUBJECT ADDED ENTRY--TOPICAL TERM
Topical term or geographic name entry element Landlord and tenant
Geographic subdivision India
-- Rajasthan.
650 #0 - SUBJECT ADDED ENTRY--TOPICAL TERM
Topical term or geographic name entry element Land tenure
General subdivision Law and legislation
Geographic subdivision India
-- Rajasthan.
700 1# - ADDED ENTRY--PERSONAL NAME
Personal name Kaushik, Nand Kishore,
Relator term joint author.
710 1# - ADDED ENTRY--CORPORATE NAME
Corporate name or jurisdiction name as entry element Rajasthan, India.
Form subheading Laws, statutes, etc.
Title of a work Rajasthan tenancy act, 1955.

No items available.

Powered by Koha